|
|
|
|
| LEADER |
00805nab a2200193 i 4500 |
| 001 |
misc13647 |
| 005 |
20191106141322.0 |
| 008 |
170607s1992 hu o 0|| hun d |
| 022 |
|
|
|a 0025-0260
|
| 040 |
|
|
|a SZTE Miscellanea Repozitórium
|b hun
|
| 041 |
|
|
|a hun
|
| 100 |
1 |
|
|a Réthy Endréné
|
| 245 |
1 |
0 |
|a Alfred Schirlbauer
|h [elektronikus dokumentum] :
|b Junge Bitternis - Eine Kritik der Didaktik : WUV-Universitatsverlag Austria, 1992. 214 o. : [könyvismertetés] /
|c Réthy Endréné
|
| 260 |
|
|
|c 1992
|
| 300 |
|
|
|a 319-320
|
| 490 |
0 |
|
|a Magyar pedagógia : a Magyar Tudományos Akadémia Pedagógiai Bizottságának folyóirata
|v 92 No. 4
|
| 695 |
|
|
|a Didaktika, Könyvismertetés
|
| 700 |
0 |
1 |
|a Schirlbauer Alfred
|
| 856 |
4 |
0 |
|u http://misc.bibl.u-szeged.hu/13647/1/mp_1992_004_6040_319-320.pdf
|z Dokumentum-elérés
|